| 000 | 00374pab a2200157 454500 | ||
|---|---|---|---|
| 008 | 180718b2001 xxu||||| |||| 00| 0 eng d | ||
| 100 | _aRastogi, Savita | ||
| 245 | _aGlobalisation of higher education | ||
| 260 | _c2001 | ||
| 300 | _ap.11-16 | ||
| 362 | _a27 Aug | ||
| 650 | _aGlobalization | ||
| 650 | _aHigher education | ||
| 773 | _aUniversity News | ||
| 909 | _a49776 | ||
| 999 |
_c49776 _d49776 |
||